Anthony's quiz - Statistics

General Stats
  • This quiz has been taken 4 times
  • The average score is 10 of 17
Answer Stats
Hint Answer % Correct
What nickname did I get my senior year of highschool? Anthot
100%
What was my favorite sport before high school? Baseball
67%
What do I watch on tv? Cartoons
67%
I am 50% italian and 50% what? colombian
67%
Where do I currently work? Dicks
67%
What game did we play the first time I had game night? Dominoes
67%
What was my favorite place to go during lunch? My house
67%
When is my birthday(day and month)? November 4
67%
What is my favorite college sports team? Ohio State
67%
What does my dad make? Sausage
67%
Am I the oldest out of all my first cousins on boths sides of my family yes
67%
what is the most amount of people I had in the ford at one time while driving? 10 or 11
33%
What is my middle name? Angelo
33%
What type of team did I make junior year? Dodgeball
33%
What was my first paid job? epic events
33%
Name my 2 favorite sports team (both New York Teams) Jets Yankees
33%
What did Tristen name my car? Queenie or Queeny
33%
No matching quizzes found
Score Distribution
Percent of People with Each Score
Percentile by Number Answered
Your Score History
You have not taken this quiz